000 00622nam a2200181Ia 4500
008 090124s9999 xx 000 0 und d
082 _b44049
100 _aपंडित श्रीनिवास
245 _a डेनिसच्या गोष्टी
250 _a1
260 _bऊर्जा प्रकाशन
_c2006
300 _a84
600 _aपंडित श्रीनिवास
630 _a डेनिसच्या गोष्टी
700 _aपंडित श्रीनिवास
730 _a डेनिसच्या गोष्टी
942 _cBOOK
999 _c110280
_d110280